| 000 | 01090nam a22003017a 4500 | ||
|---|---|---|---|
| 003 | OSt | ||
| 005 | 20250314095932.0 | ||
| 008 | 250314b |||||||| |||| 00| 0 eng d | ||
| 020 | _a9780323775502 (paperback) | ||
| 040 |
_aNUST _beng _cNUST _dNUST _erda |
||
| 050 | _aR895 GIL | ||
| 100 |
_aGilmore, David _eAuthor |
||
| 245 |
_aNuclear medicine and molecular imaging : _btechnology and techniques / _cDavid Gilmore, Kristen M Waterstram-Rich. |
||
| 250 | _aNinth edition. | ||
| 260 |
_aSt. Louis, Missouri : _bElsevier, _c2023. |
||
| 300 |
_axii, 703 pages : _bIllustrations ; _c29 cm. |
||
| 336 |
_2rdamedia _atext _btxt |
||
| 337 |
_2rdamedia _aunmediated _bn |
||
| 338 |
_2rdamedia _avolume _bnc |
||
| 504 | _aIncludes bibliographical references and index. | ||
| 650 | _vNuclear medicine. | ||
| 650 | _vRadioisotope scanning. | ||
| 650 | _vMolecular diagnosis. | ||
| 650 | _vRadioisotopes in medical diagnosis. | ||
| 650 | _vRadiopharmaceuticals. | ||
| 700 |
_aWaterstram-Rich, Kristen M _eAuthor |
||
| 942 |
_2lcc _cBOOKS _eNinth edition. _hR895 GIL _kR _mGIL _n0 |
||
| 999 |
_c171431 _d171431 |
||